{"text_format":"1","workbook":"xlsx","n_sheets":3,"sheets":["Лист1","Лист3","Лист2"],"not_rendered":{"charts":0,"images":0,"macros":0,"external_links":0,"defined_names":0,"comments":0,"pivot_tables":0},"unopened":[],"bounds":{"document_bytes":16777216,"sheet_cells":100000,"rows_first":2000,"rows_last":500,"rows_between":2000,"halvings":0,"cell_chars":16384,"cell_head_chars":4096},"cells_cut":0,"cells_raw":0,"read":"whole","date_system":"1900"}

{"sheet":"Лист1","index":0,"n_rows":132,"n_cols":13,"rows_kept":132,"cut":false,"hidden":false,"merged":[[131,0,133,9],[104,4,104,6],[47,8,49,8],[50,4,51,4],[50,5,51,5],[50,6,51,6],[50,7,51,7],[108,0,108,5],[47,6,49,6],[74,7,75,7],[74,9,76,9],[47,3,49,3],[47,4,49,4],[47,5,49,5],[66,7,66,8],[77,4,78,4],[41,8,42,8],[25,9,26,9],[47,9,49,9],[0,0,0,9],[63,0,65,9],[50,8,51,8],[25,8,26,8],[25,4,26,4],[25,5,26,5],[25,6,26,6],[25,7,26,7],[4,9,6,9],[47,7,49,7],[3,3,3,6],[24,3,24,6],[1,0,2,0],[74,4,75,4],[66,3,67,3],[41,6,42,6],[41,7,42,7],[66,6,67,6],[66,4,67,4],[1,1,2,1],[50,1,51,1],[50,0,51,0],[41,0,42,0],[66,0,67,0],[66,1,67,1],[4,3,6,3],[46,3,46,6],[41,3,42,3],[41,2,42,2],[41,4,42,4],[25,2,26,2],[41,5,42,5],[47,2,49,2],[66,2,67,2],[100,9,101,9],[50,2,51,2],[68,9,73,9],[77,5,78,5],[74,6,75,6],[77,9,78,9],[94,9,95,9],[99,3,99,6],[94,4,95,4],[94,5,95,5],[94,6,95,6],[94,7,95,7],[77,6,78,6],[77,7,78,7],[1,7,1,8],[1,6,2,6],[1,4,2,4],[1,3,2,3],[1,2,2,2]]}
["Техническое задание на устройство инженерных систем    "]
[null,"наименование работ",null,"наименование материаллов, модель","кол","ед.","стоим","сумма",null,"общая "]
[null,null,null,null,null,"измер.",null,"работ","матер-ов","стоимость"]
[null,null,null,"Водоснабжение"]
[null,"разводка гхвс, подвод к",null,null,null,null,null,null,null,59610]
[null,"потребителю",null,null,14,"выходов",2000,28000]
[]
[null,null,null,"Кран  шаровой ф-1/2",3,"шт",380,null,1140]
[null,null,null,"кран американка ф- 3/4",2,"шт",670,null,{"$f":"PRODUCT(E9,G9)","v":1340}]
[null,null,null,"Трубы г хвс ф-20",80,"п.м",85,null,6800]
[null,null,null," установочная МПК",14,"шт",160,null,2240]
[null,null,null,"тройники поли-ые ф-20",20,"шт",35,null,700]
[null,null,null,"угольник 45, ф20,25,32",30,"шт",25,null,750]
[null,null,null,"угольник 90, ф20,25,32",30,"шт",25,null,750]
[null,null,null,"клипсы для крепления трубы ф20",50,"шт",8,null,400]
[null,null,null,"бойлер электрический 1.8кв 100л",1,"шт",8000,null,8000]
[null,null,null,"фильтр очистки",1,"шт",1850,null,1850]
[null,null,null,"элимент очистки",1,"шт",550,null,550]
[null," ",null,"футорки ф-25х3/4 бронза",2,"шт",160,null,320]
[null," ",null,"американки ф-1днх25",0,null,0,null,0]
[null,null,null," заглушки латунные ф-1\\2",14,"шт",55,null,770]
[null,null,null," "," ","пм",0,null,0]
[null,null,null," "," ","шт"," ",null,0]
[null,"обвязка и уст-ка бойлера",null," ",1,"шт",6000,6000,0]
[null,null,null,"Канализация"]
[null,"Подводка быт. канализации",null,null,6,"точек",3500,{"$f":"PRODUCT(E26,G26)","v":21000},null,{"$f":"SUM(H26:I46)","v":31980}]
[null,"к потребителю"]
[null,null,null,"компенсатор ф110",1,"шт",150,null,{"$f":"PRODUCT(E28,G28)","v":150}]
[null,null,null,"канализационные трубы  d110",8,"п.м",180,null,{"$f":"PRODUCT(E29,G29)","v":1440}]
[null,null,null,"канализационные трубы  d50",18,"п.м",120,null,2160]
[null,null,null,"тройники ф110",4,"шт",170,null,680]
[null,null,null,"тройники ф110-ф50 косой",4,"шт",120,null,480]
[null,null,null,"тройники ф50 ",8,"шт",70,null,560]
[null,null,null,"отводы ф110 поворот 45 гр",12,"шт",85,null,1020]
[null,null,null,"отводы ф50 поворот 45 гр",18,"шт",55,null,990]
[null,null,null,"рюмка ф110-ф50",2,"шт",160,null,320]
[null,null,null,"аэраторы ф50",3,"шт",250,null,750]
[null,null,null,"кронштейны ф110",null,"шт",null,null,0]
[null,null,null,"крепежная лента",1,"рул",600,null,600]
[null,null,null," клипсы ф-110",10,"шт",12,null,120]
[null,null,null," клипсы ф-50",10,"шт",7,null,70]
[null,"траншея 1,8 м глубина ",null,null,null,"п.м",null,{"$f":"PRODUCT(E42,G42)","v":0}]
[null,"0.5 м ширина."]
[null,null,null,"канализационные трубы Poliplast d32",8,"пм",110,null,{"$f":"PRODUCT(E44,G44)","v":880}]
[null,null,null,"переход ф50х32",2,null,80,null,{"$f":"PRODUCT(E45,G45)","v":160}]
[null,null,null,"отвод ф32",12,"шт",50,null,600]
[null,null,null,"Отопление"]
[null,"установка и обвязка котла",null,null,1,"шт",20000,{"$f":"PRODUCT(E48,G48)","v":20000},null,87550]
[null,"отопления "]
[]
[null,null,null,"котел отопления одноконтурный ",1,"шт",30000,null,{"$f":"PRODUCT(E51,G51)","v":30000}]
[null,null,null,"12квт  электрический"]
[null,null,null,"тройники-ф-3/4-1/2-3/4",4,"шт",285,null,{"$f":"PRODUCT(E53,G53)","v":1140}]
[null,null,null,"МПК ф-3\\4 Х 25",12,"шт",160,null,{"$f":"PRODUCT(E54,G54)","v":1920}]
[null,null,null,"циркуляционный  Grundfoss 25/60",2,"шт",6950,null,13900]
[null,null,null,"фильтр грубой очистки ф-1дн",1,"шт",850,null,850]
[null,null,null,"нипель ф1дх3/4",4,"шт",180,null,720]
[null,null,null,"краны шаровый ф 3/4 \"американка\"",8,"шт",670,null,5360]
[null,null,null,"расширительный бачок 24 литра",1,"шт",3850,null,3850]
[null,null,null,"кронштейн для расширительного бачка",1,"шт",950,null,950]
[null,null,null,"группа защиты котла",1,"шт",3800,null,3800]
[null,null,null,"кран подпитки котла",3,"шт",380,null,1140]
[null,null,null,"термомонометры задней под-ки",4,"шт",980,null,3920]
["ЗАКАЗЧИК _________________      Страница 1 из 2          ПОДРЯДЧИК _________________"]
[]
[]
[null,"наименование работ",null,"наименование материаллов, модель","кол","ед.","стоим","сумма",null,"общая "]
[null,null,null,null,null,"измер.",null,"работ","матер-ов","стоимость"]
[null,null,null,"колектор основного подмеса  2х кон.",2,"шт",3000,null,{"$f":"PRODUCT(E69,G69)","v":6000},197601]
[null,"уст-ка основного калектора",null," ",2,"шт",1500,3000,0]
[null,"сборка насосных групп",null," ",2,"шт",7000,14000,0]
[null,null,null,"кран американка ф-1дн",2,"шт",1280,null,{"$f":"PRODUCT(E72,G72)","v":2560}]
[null,null,null,"удленитель ф-1дн-10см",1,"шт",980,null,980]
[null,null,null,"футорки ф-1дн х 1.1\\4 бронза",3,"шт",380,null,1140]
[null,"закачка жидкости и",null,null,null,"кон",null,{"$f":"PRODUCT(E75,G75)","v":0}]
[null," опресовка системы"]
[null,null,null,"жидкость незамерзающая -30",null,"литров",null,null,{"$f":"PRODUCT(E77,G77)","v":0}]
[null,"разводка труб отопления",null,null,17,"точек",3500,{"$f":"PRODUCT(E78,G78)","v":59500},null,null,null,null," "]
[null," до радиаторов"]
[null,null,null,"кран угловой американка ф-1/2 х 20",34,"шт",360,null,{"$f":"PRODUCT(E80,G80)","v":12240}]
[null,null,null,"   американки ф-1дн х 32ппр",4,"шт",420,null,{"$f":"PRODUCT(E81,G81)","v":1680}]
[null,null,null,"кран ппр ф-32 ",4,"шт",355,null,1420]
[null,null,null,"комплект футорок1дх1/2-3/4",17,"шт",340,null,5780]
[null,null,null,"трубы арми-ые ф-25",100,"п.м",110,null,11000]
[null,null,null,"трубы арми-ые ф-32",30,"п.м",125,null,3750]
[null,null,null,"мпк ф-1дн х 32ппр",0,"шт",0,null,0]
[null,null,null,"футорки ф-25х3/4 бронза",4,"шт",170,null,680]
[null,null,null,"нипель ф-3/4",4,"шт",80,null,320]
[null,null,null,"тройник ф-1дн",1,"шт",380,null,380]
[null,null,null,"тройники ф-25ппр",34,"шт",40,null,1360]
[null,null,null,"углы ф-25 45гр-90гр",100,"шт",30,null,3000]
[null,null,null,"муфты ф-25",30,"шт",20,null,600]
[null,null,null,"фитинги ф-32",50,"шт",50,null,2500]
[null,null,null," "," ","шт"," ",null,0]
[null,"установка и подключение",null,null,17,"точек",1000,{"$f":"PRODUCT(E95,G95)","v":17000}]
[null,"радиаторов отопления"]
[null,null,null,"радиаторы алюминевые 500x80(секция)",93,"шт",487,null,{"$f":"PRODUCT(E97,G97)","v":45291}]
[null,null,null,"кронштейн крепления радиаторов",76,"шт",45,null,{"$f":"PRODUCT(E98,G98)","v":3420}]
[null," ",null,null," ","шт"," ",null,0]
[null,null,null,"Расходные материалы"]
[null,null,null,"расходные материалы",null,null,null,null,5000,{"$f":"SUM(H101:I103)","v":10000}]
[null,null,null,"доставка",null,null,null,null,5000]
[null,"8 926 853 88 22 ",null,"Дмитрий",null,null,null,null,{"$f":"PRODUCT(E103,G103)","v":0}]
[]
[null," ",null,null,"итого",null,null,{"$f":"SUM(H101:H103,H69:H99,H48:H63,H26:H46,H5:H24)","v":168500},{"$f":"SUM(I101:I103,I69:I99,I48:I63,I26:I46,I5:I24)","v":218241},{"$f":"SUM(J101:J103,J69:J99,J48:J63,J26:J46,J5:J24)","v":386741}]
[]
[]
[]
["ЗАКАЗЧИК С КОМПЛЕКТАЦИЕЙ СОГЛАСЕН _____________________________________"]
[]
[]
[]
[null,null,null,null,null,null,null,null,null,null,"   "]
[]
[]
[]
[]
[]
[]
[]
[]
[]
[]
[]
[]
[]
[]
[]
[]
[]
[]
["ЗАКАЗЧИК _________________      Страница 2 из 2          ПОДРЯДЧИК _________________"]

{"sheet":"Лист3","index":1,"n_rows":0,"n_cols":0,"rows_kept":0,"cut":false,"hidden":false,"merged":[]}

{"sheet":"Лист2","index":2,"n_rows":0,"n_cols":0,"rows_kept":0,"cut":false,"hidden":false,"merged":[]}